ბათუმის შოთა რუსთაველის სახელმწიფო უნივერსიტეტის ბიბლიოთეკა

სოფლის მეურნეობის წარმოების ორგანიზაცია : (ბიბ.ჩანაწერი № 61072)

000 -ლიდერი
ფიქსირებული სიგრძის საკონტროლო ველი 01073nam a22002417a 4500
003 - საკონტროლო ნომრის იდენტიფიკატორი
საკონტროლო ველი Ge_BSU
005 - ბოლო ოპერაციის თარიღი და დრო
საკონტროლო ველი 20231213143427.0
008 - ფიქსირებული სიგრძის მონაცემთა ელემენტები - ზოგადი ინფორმაცია
ფიქსირებული სიგრძის საკონტროლო ველი 231213s2018 ge ||||| |||| 00| 0 geo d
020 ## - წიგნის საერთაშორისო სტანდარტული ნომერი
International Standard Book Number 9789941477041
041 ## - ენის კოდი
Language code of text/sound track or separate title geo
080 ## - უნივერსალური ათობითი კლასიფიკაციის ინდექსი
Universal Decimal Classification number 631.15 ნ-69
100 ## - მთავარი ჩანაწერი - პიროვნების სახელი
Personal name ნიჟარაძე, ამირან.
9 (RLIN) 20704
245 ## - ცნობა სათაურის შესახებ
Title სოფლის მეურნეობის წარმოების ორგანიზაცია :
Remainder of title აგრონომის რეკომენდაციები /
Statement of responsibility, etc ამირან ნიჟარაძე.
264 ## - წარმოების, გამოცემის, დისტრიბუციის და სხვა ცნობები
გამოცემის, წარმოების, დისტრიბუციის... ადგილი თბილისი :
გამოცემის, წარმოების, დისტრიბუციის... სახელწოდება საარი,
გამოცემის, წარმოების, დისტრიბუციის... თარიღი 2018.
300 ## - ფიზიკური აღწერა
Extent 330 გვ. :
Other physical details ილ., ცხრ. ;
Dimensions 21 სმ.
653 ## - INDEX TERM--UNCONTROLLED
Uncontrolled term მემინდვრეობა
653 ## - INDEX TERM--UNCONTROLLED
Uncontrolled term მეფრინველეობა
653 ## - INDEX TERM--UNCONTROLLED
Uncontrolled term მეციტრუსეობა
653 ## - INDEX TERM--UNCONTROLLED
Uncontrolled term მებოსტნეობა
653 ## - INDEX TERM--UNCONTROLLED
Uncontrolled term სიმინდის კულტურა
653 ## - INDEX TERM--UNCONTROLLED
Uncontrolled term მზესუმზირის კულტურა
942 ## - ADDED ENTRY ELEMENTS (KOHA)
Source of classification or shelving scheme
Koha item type წიგნი
ეგზემპლარები
ჩამოწერის სტატუსი დაკარგული ეგზემპლარის სტატუსი კლასიფიკაციის წყარო ან თაროზე გაწყობის სქემა დაზიანების სტატუსი არ გაიცემა მუდმივი მდებარეობა (დაცვის ადგილი) ამჟამინდელი ადგილსამყოფელი თაროზე განთავსების ადგილი შეძენის თარიღი ღირებულება, შესყიდვის ნორმალური ფასი სრული შენახვის შიფრი შტრიხკოდი ბოლო ოპერაციის თარიღი ეგზემპლარის მიმდევრობითი ნომერი (კეტერი?) ფასის ძალაში შესვლის თარიღი ეგზემპლარის სახეობა საჯარო შენიშვნა
          აგრარული და მემბრანული ტექნოლოგიების ინსტიტუტის ბიბლიოთეკა აგრარული და მემბრანული ტექნოლოგიების ინსტიტუტის ბიბლიოთეკა წიგნსაცავი 2023-12-13 10.00 631.15 ნ-69 66951 2023-12-13 66951 2023-12-13 წიგნი 10 ლ.
          აგრარული და მემბრანული ტექნოლოგიების ინსტიტუტის ბიბლიოთეკა აგრარული და მემბრანული ტექნოლოგიების ინსტიტუტის ბიბლიოთეკა წიგნსაცავი 2025-05-01 10.00 631.15 ნ-69 71305 2025-05-01 71305 2025-05-01 წიგნი 10.00